000 00690nam a2200253Ia 4500
003 OSt
005 20220918183239.0
006 a|||||r|||| 00| 0
007 ta
008 220917b |||||||| |||| 00| 0 eng d
024 _a36,911
037 _cTextual
040 _aARTS
_cARTS
_beng
041 _2eng
_aeng
082 _aO142,3M14x, 111L6
100 _aLermontov Mikhail
_962334
245 0 _aSelected works
260 _aMoscow
_bProgress Pub
_c1976
300 _axvii,301p.
_ccm.
490 _aProgress Russian Classics series
650 _aENGLISH LITERATURE
942 _hO142,3M14x, 111L6
_cTEXL
_2CC
999 _c171968
_d171968